Vapor-Liquid Equilibrium Data Collection. Vol.V, Part 4 : Supplement 1 /

Guardado en:
Detalles Bibliográficos
Autores principales: Macedo, Eugénia A (Autor), Rasmussen, Peter (Autor)
Formato: Libro
Lenguaje:inglés
Publicado: Frankfurt/Main : Dechema Gesellschaft für Chemische Technik und Biotechnologie e.V., 1987
Colección:Chemistry Data Series
Etiquetas: Agregar Etiqueta
Sin Etiquetas, Sea el primero en etiquetar este registro!

MARC

LEADER 00000nam a22000003a 4500
001 stu21144
005 20150617225753.9
008 950330s1987----gw------------------eng-d
020 |a 3-921-567-73-X 
040 |a STU  |b slo 
041 0 |a eng 
044 |a gw 
080 |a 541.121/.123 
100 1 |a Macedo, Eugénia A  |4 aut 
245 1 |a Vapor-Liquid Equilibrium Data Collection. Vol.V, Part 4 :  |b Supplement 1 /  |c [aut.]Macedo,Eugénia A., Rasmussen,Peter 
260 |a Frankfurt/Main :  |b Dechema Gesellschaft für Chemische Technik und Biotechnologie e.V.,  |c 1987 
300 |a 319 s :  |b Tab.,grafy,index 
700 1 |a Rasmussen, Peter  |4 aut 
830 0 |a Chemistry Data Series 
996 |b C91305  |c C*91305  |l CCXVIII  |s P  |a 0  |w stu21144_0001